000 00597nam a2200193 a 4500
005 20140310183220.0
008 030908s19uu xx 00 eng d
020 _a0393975878
050 _aBF 121
_b.G393 2003
100 _aGazzaniga, Michael S.
245 _aPsychological Science :
_bmind, brain, and behaviour /
_cMichael S. Gazzaniga.
260 _aNew York :
_bNorton & Company,
_c2003.
300 _axlii, 589 p. :
_bill. (col.) ;
_c28 cm.
500 _aIncludes bibliographical references & index
521 _aPSYCH
650 _aPsychology
942 _cBK
_2lcc
_kFOR
999 _c20309
_d20309